|
|
|
|
| LEADER |
00744cam a2200205 a 4500 |
| 001 |
0000052309 |
| 005 |
20050704090000.0 |
| 040 |
|
|
|a mod
|
| 041 |
|
|
|a eng
|
| 020 |
0 |
0 |
|a 0684860082
|
| 090 |
0 |
0 |
|a 646.78
|b COV
|e 1999
|
| 100 |
1 |
0 |
|a Covey
|h Stephen R
|
| 245 |
1 |
4 |
|a The 7 habits of highly effective families
|b building a beautiful family culture in a turbulent world
|c Stephen R. Covey
|
| 260 |
0 |
0 |
|a London
|b Simon & Schuster
|c 1999
|
| 300 |
0 |
0 |
|a 390p.
|c 24cm
|
| 650 |
0 |
0 |
|a Family
|
| 650 |
0 |
0 |
|a Parent and child
|
| 650 |
0 |
0 |
|a Communication in the family
|
| 999 |
|
|
|a 0177010
|b PULMAT
|d BOOKS
|e Umum
|f PULMAT
|j AVAILABLE
|q GOOD CONDITION
|
| 999 |
|
|
|a 0231450
|b Markas Pemerintahan Latihan & Doktrin
|d BOOKS
|e Umum
|f Markas Pemerintahan Latihan & Doktrin
|j AVAILABLE
|q GOOD CONDITION
|